Biblioteca

Together on the way in Germany (Registro nro. 70460)

Detalles MARC
000 -LÍDER
Campo fijo de descripción fija 01272nab a2200241 i 4500
001 - NÚMERO DE CONTROL
Campo de control 768714001
003 - IDENTIFICADOR DEL NÚMERO DE CONTROL
Campo de control CO-MdFUSB
005 - FECHA Y HORA DE LA ULTIMA TRANSACCIÓN
control field 20240709123750.0
008 - ELEMENTOS DE LONGITUD FIJA -- INFORMACIÓN GENERAL
Campo fijo de descripción fija -- Información general 240709t2000 sz ||||| |||| 00| 0 eng d
040 ## - FUENTE DE CATALOGACIÓN
Idioma de catalogación spa
Agencia que realiza la transcripción CO-MdFUSB
Agencia que realiza la modificación CO-MdFUSB
041 ## - CÓDIGO DE IDIOMA
Código de idioma para texto/pista de sonido o título separado eng
100 ## - ASIENTO PRINCIPAL--NOMBRE PERSONAL
Nombre personal Währisch-Oblau, Claudia,
Término relacionador autor
245 ## - TÍTULO
Título Together on the way in Germany
Mención de responsabilidad / Claudia Währisch-Oblau
520 ## - NOTA DE RESUMEN, ETC.
Nota de sumario, etc. Misión en unidad: unirse como el colorido y multicultural cuerpo de Cristo en Alemania: esta es la visión que comparte un número cada vez mayor de cristianos tanto en las iglesias autóctonas alemanas como en las de inmigrantes. Aún serán necesarios muchos pasos hasta que esta visión se haga realidad. Pero como dice el proverbio chino: "Incluso un viaje de mil millas comienza con el primer paso." Hemos comenzado a caminar juntos en el camino.
546 ## - NOTA DE IDIOMA
Nota de idioma Texto en inglés.
650 #0 - ASIENTO SECUNDARIO DE MATERIA - TERMINO TEMÁTICO
Término temático o nombre geográfico como elemento de entrada Misiones
9 (RLIN) 154
650 #0 - ASIENTO SECUNDARIO DE MATERIA - TERMINO TEMÁTICO
Término temático o nombre geográfico como elemento de entrada Reforma de la iglesia
9 (RLIN) 958
650 #0 - ASIENTO SECUNDARIO DE MATERIA - TERMINO TEMÁTICO
Término temático o nombre geográfico como elemento de entrada Evangelización
9 (RLIN) 362
650 #7 - ASIENTO SECUNDARIO DE MATERIA - TERMINO TEMÁTICO
Término temático o nombre geográfico como elemento de entrada Teología pastoral y unidad cristiana
9 (RLIN) 7183
773 0# - ASIENTO DE ITEM FUENTE
Biblionumber 49396
Itemnumber 59519
Lugar, editorial y fecha de publicación Ginebra
Otro identificador del ítem R1156
Título Reformed World
Número de control del registro (CO-MdFUSB)38
Número Internacional Normalizado para Publicaciones Seriadas (ISSN) 0034-3056
Parte(s) relacionada(s) / Volumen., número. (mes año), páginas Volumen 50, (número 4, 2000) páginas: 187 - 194
Enumeración y primera página página: 187
942 ## - TIPO DE MATERIAL (KOHA)
Tipo de Item KOHA Artículos de Revista
945 ## - INFORMACIÓN LOCAL DEL REGISTRO
Catalogador Catherine Arias Álvarez - Practicante SENA

No hay ítems disponibles.

Biblioteca FUSBC | Teléfono: (57+4) 349 88 10 Ext. 141| WhatsApp (+57) 3005338115 
E-mail: biblioteca@unisbc.edu.co | Calle 76 87-14 Robledo Palenque, Medellín, Colombia

Con tecnología Koha